Super Mario Allgemeinquiz - Statistiken

Allgemein
  • Dieses Quiz wurde 256 mal gespielt
  • Das Durchschnittsergebnis liegt bei 7 aus 15
Antwortstatistiken
Frage Antwort % Korrekt
In der Geschichte von Nintendo tauchte Mario erstmals im Jahr 1981 auf. Im Spiel Donkey Kong war Mario zunächst unter was bekannt? Jumpman
93%
In welchem Hauptspiel der Mario Reihe tauchen keine Gumbas auf? Super Mario Sunshine
75%
Was gilt als das schlechteste Mario-Spiel aller Zeiten? Das Puzzlespiel erschien in Zusammenarbeit mit Nintendo für die Multimedia-Konsole CD-i. Hotel Mario
58%
In welchem Spiel hat die Feder ihren Ursprung? Super Mario World
58%
Dieses Spiel ist die erfolgreichste Videospiel-Serie aller Zeiten und steht im Guiness Buch der Rekorde. Weltweit wurde es mehr als 240 Millionen mal verkauft. Super Mario Bros.
55%
Seit 1992 leiht welcher US-Schauspieler Mario seine einzigartige Stimme? Charles Martinet
52%
Mario hatte schon einige Berufe. Ursprünglich war er mal Tischler und dann dank Dr. Mario ein Arzt. Auch als Baseballspieler, Rennfahrer und Archäologe war der doch eigentlich bekannte Klempner schon unterwegs. Welchen Beruf übte er noch aus? Fußballer
50%
In Super Mario 3D Land hat Bowser was gestohlen? Tanuki-Blätter
50%
Was zerstört König Buu Huu in Luigi's Mansion 2? den Finstermond
49%
Mario hat auch mal den Bösewicht gespielt! In welchem Game von 1982 hält Mario Donkey Kong gefangen und ist mit einer Peitsche ausgestattet? Game and Watch-Spiel Donkey Kong Jr.
48%
In Super Mario Sunshine macht Mario Isla Delfino unsicher, zusammen mit Peach und Toadsworth. Wie heißt in diesen Spiel seine Waffe? Dreckweg 08/17
39%
In welchem Spiel hatte Wario 1992 seinen ersten Auftritt? Super Mario Land 2: 6 Golden Coins
39%
Nintendo benannte Mario nach dem ehemaligen Hausverwalter von Nintendo of America. Wie heißt er? Mario Segale
28%
Wie viele Einwohner soll das fiktive Pilzkönigreich ungefähr haben, in dem Mario und sein Bruder Luigi unterwegs sind? 18 Millionen
21%
Bowser wurde von Miyamoto skizziert. Sein Kollege sah jedoch in der Zeichnung eine Schildkröte. Als was wurde er urprünglich skizziert? Ochse
13%
Keine übereinstimmenden Quizze gefunden
Verteilung der Resultate
Anzahl Personen mit jedem Resultat
Perzentil nach korrekt beantworteten Fragen
Ihre Resultats-Entwicklung
Sie haben dieses Quiz noch nicht gespielt